Jesus Christ in Flanders / (Record no. 28542)
[ view plain ]
| 000 -LEADER | |
|---|---|
| fixed length control field | 01287nam a2200349 a 4500 |
| 001 - CONTROL NUMBER | |
| control field | 28542 |
| 003 - CONTROL NUMBER IDENTIFIER | |
| rucl marc code | BD-RjUL |
| 005 - DATE AND TIME OF LATEST TRANSACTION | |
| control field | 20211209051309.0 |
| 008 - FIXED-LENGTH DATA ELEMENTS--GENERAL INFORMATION | |
| fixed length control field | 140331s1899 enk 000 1 eng d |
| 035 ## - SYSTEM CONTROL NUMBER | |
| System control number | (BD-RjUL)28623 |
| 040 ## - CATALOGING SOURCE | |
| Original cataloging agency | DLC |
| Language of cataloging | eng |
| Transcribing agency | DLC |
| Modifying agency | BD-RjUL |
| 041 1# - LANGUAGE CODE | |
| Language code of text/sound track or separate title | eng |
| Language code of original | fre |
| 082 00 - DEWEY DECIMAL CLASSIFICATION NUMBER | |
| Classification number | 843.08 |
| Author mark and year | BAJ 1899 |
| 100 1# - MAIN ENTRY--PERSONAL NAME | |
| Personal name | Balzac, Honoré de, |
| Dates associated with a name | 1799-1850. |
| 9 (RLIN) | 87435 |
| 245 10 - TITLE STATEMENT | |
| Title | Jesus Christ in Flanders / |
| Statement of responsibility, etc. | by Honoré de Balzac |
| 250 ## - EDITION STATEMENT | |
| Edition statement | Caxton ed. |
| 260 ## - PUBLICATION, DISTRIBUTION, ETC. (IMPRINT) | |
| Place of publication, distribution, etc. | London : |
| Name of publisher, distributor, etc. | Caxton Publishing Company, |
| Date of publication, distribution, etc. | c1899. |
| 300 ## - PHYSICAL DESCRIPTION | |
| Pagination | 356 p., [5] leaves of plates : |
| Illustrations | ill. ; |
| Size | 22 cm. |
| 490 1# - SERIES STATEMENT | |
| Series statement | The human comedy. Philosophic and analytic studies ; |
| Volume/sequential designation | v. 2 |
| 500 ## - GENERAL NOTE | |
| General note | Translated from the French. |
| General note | "With illustrations" |
| General note | Jesus Christ in Flanders dated 1831, Melmoth dated 1835, Elixir of long life, 1835 and Seraphita December 1833-November 1835 |
| General note | Reference: George, Albert. Books by Balzac. (New York, 1960) |
| 505 0# - FORMATTED CONTENTS NOTE | |
| Formatted contents note | Contents: Melmoth converted -- The elixir of long life -- Seraphita |
| 650 #0 - SUBJECT ADDED ENTRY--TOPICAL TERM | |
| Topical term or geographic name as entry element | French fiction |
| General subdivision | Translations into English. |
| 9 (RLIN) | 64311 |
| 830 #0 - SERIES ADDED ENTRY--UNIFORM TITLE | |
| Volume number/sequential designation | v. 2 |
| 830 #0 - SERIES ADDED ENTRY--UNIFORM TITLE | |
| Uniform title | The human comedy. |
| 942 ## - ADDED ENTRY ELEMENTS (KOHA) | |
| Source of classification or shelving scheme | Dewey Decimal Classification |
| Koha item type | Books |
| Lost status | Source of classification or shelving scheme | Damaged status | Not for loan | Collection code | Permanent Location | Current Location | Shelving location | Date acquired | Source of acquisition | Cost, normal purchase price | Total Checkouts | Full call number | Date last seen | Copy number | Koha item type |
|---|---|---|---|---|---|---|---|---|---|---|---|---|---|---|---|
| Dewey Decimal Classification | Added to bundle | Fiction | Central Library, University of Rajshahi | Central Library, University of Rajshahi | Reading Room | 28/11/1956 | B. H. Blackwell | 1.10 | 843.08 BAJ 1899 | 31/03/2014 | C-1 | Books |